| 000 | 00992nam a2200265Ia 4500 | ||
|---|---|---|---|
| 003 | OSt | ||
| 005 | 20220923211538.0 | ||
| 006 | a|||||r|||| 00| 0 | ||
| 007 | ta | ||
| 008 | 220922b |||||||| |||| 00| 0 hin d | ||
| 020 |
_a9789382998075 (hbk) _c750 |
||
| 024 | _a325,780 | ||
| 037 |
_b334, 10/02/2018, Eastern Book Linkers _cTextual |
||
| 040 |
_aARTS _cARTS _bhin |
||
| 041 |
_2hin _ahin |
||
| 082 | _aL:5, 152Q5 | ||
| 100 |
_aराय, राम प्रकाश, ले. _9160740 |
||
| 245 | 0 | _aपोषण और स्वास्थ्य विज्ञान | |
| 246 | _aPoṣhaṇ aur swāsthya vijnyāna | ||
| 260 |
_aनई दिल्ली _b शिवांक प्रकाशन _c2017 |
||
| 300 |
_a232पृ. _ccm. |
||
| 650 |
_aस्वास्थ्य विज्ञान _9160741 |
||
| 942 |
_hL:5, 152Q5 _cTEXL _2CC |
||
| 999 |
_c300646 _d300646 |
||